[Event "World Junior U20 Girls 2018"]
[Site "Gebze"]
[Date "2018.09.11"]
[Round "7"]
[White "Ghukasyan, Siranush"]
[Black "Beydullayeva, Govhar"]
[Result "0-1"]
[WhiteElo "2205"]
[BlackElo "2202"]
[Annotator "ChessBase"]
[PlyCount "76"]
[EventDate "2018.09.05"]
[EventType "swiss"]
[EventCountry "TUR"]
[SourceTitle "playchess.com"]
[Source "ChessBase"]
[SourceQuality "1"]
[TimeControl "40/5400+30:1800+30"]

1. e4 {[%emt 0:03:30]} c5 {[%emt 0:00:30]} 2. Nf3 {[%emt 0:00:00]} d6 {[%emt 0:00:30]} 3. d4 {[%emt 0:00:00]} cxd4 {[%emt 0:00:00]} 4. Nxd4 {[%emt 0:00:00]} Nf6 {[%emt 0:00:00]} 5. Nc3 {[%emt 0:00:00]} a6 {[%emt 0:00:30]} 6. Be3 {[%emt 0:00:00]} e5 {[%emt 0:00:00]} 7. Nf3 {[%emt 0:00:00]} Qc7 {[%emt 0:00:00]} 8. a4 {[%emt 0:00:30]} Be6 {[%emt 0:01:30]} 9. Be2 {[%emt 0:04:30]} Be7 {[%emt 0:00:30]} 10. O-O {[%emt 0:00:00]} O-O {[%emt 0:00:30]} 11. a5 {[%emt 0:01:00]} Nbd7 {[%emt 0:01:30]} 12. Ne1 {[%emt 0:11:30]} Qc6 {[%emt 0:12:30]} 13. Bf3 {[%emt 0:01:30]} b5 {[%emt 0:07:30]} 14. axb6 {[%emt 0:02:30]} Nxb6 {[%emt 0:00:30]} 15. Bxb6 {[%emt 0:00:30]} Qxb6 {[%emt 0:00:00]} 16. Nd3 {[%emt 0:00:30]} Rfc8 {[%emt 0:05:00]} 17. Qd2 {[%emt 0:03:30]} Nd7 {[%emt 0:05:30]} 18. Nd5 {[%emt 0:17:30]} Bxd5 {[%emt 0:00:30]} 19. exd5 {[%emt 0:00:00]} f5 {[%emt 0:06:30]} 20. Nb4 {[%emt 0:02:00]} h6 {[%emt 0:14:30]} 21. Ra2 {[%emt 0:25:30]} Bg5 {[%emt 0:05:30]} 22. Qe1 {[%emt 0:00:00]} e4 {[%emt 0:05:30]} 23. Be2 {[%emt 0:00:00]} Ne5 {[%emt 0:07:30]} 24. Bxa6 {[%emt 0:12:29]} Re8 {[%emt 0:00:30]} 25. Kh1 {[%emt 0:03:36]} f4 {[%emt 0:08:24]} 26. c3 {[%emt 0:05:13]} Ng4 {[%emt 0:05:50]} 27. h3 {[%emt 0:00:40]} Nf6 {[%emt 0:00:40]} 28. Qe2 {[%emt 0:02:39]} e3 {[%emt 0:03:09]} 29. Bb5 {[%emt 0:01:13]} Ne4 {[%emt 0:04:26]} 30. Bxe8 {[%emt 0:01:02]} Rxe8 {[%emt 0:00:06]} 31. Kh2 {[%emt 0:00:50]} exf2 {[%emt 0:02:25]} 32. Nc2 {[%emt 0:01:49]} Qd8 {[%emt 0:02:06]} 33. Ra7 {[%emt 0:01:49]} Bh4 {[%emt 0:01:31]} 34. Qg4 {[%emt 0:00:35]} Qg5 {[%emt 0:00:36]} 35. Nd4 {[%emt 0:00:34]} Bg3+ {[%emt 0:00:44]} 36. Kh1 {[%emt 0:00:30]} Qxg4 {[%emt 0:00:30]} 37. hxg4 {[%emt 0:00:00]} Nd2 {[%emt 0:00:00]} 38. Ne6 {[%emt 0:01:16]} Nxf1 {[%emt 0:00:00]} 0-1

[Event "World Junior U20 Girls 2018"]
[Site "Gebze"]
[Date "2018.09.11"]
[Round "7"]
[White "Hilario, Aleyla"]
[Black "Diakonova, Ekaterina"]
[Result "0-1"]
[WhiteElo "2203"]
[BlackElo "2243"]
[Annotator "ChessBase"]
[PlyCount "80"]
[EventDate "2018.09.05"]
[EventType "swiss"]
[EventCountry "TUR"]
[SourceTitle "playchess.com"]
[Source "ChessBase"]
[SourceQuality "1"]
[TimeControl "40/5400+30:1800+30"]

1. d4 {[%emt 0:00:30]} Nf6 {[%emt 0:00:30]} 2. Nf3 {[%emt 0:00:30]} g6 {[%emt 0:00:30]} 3. g3 {[%emt 0:00:30]} Bg7 {[%emt 0:00:30]} 4. Bg2 {[%emt 0:00:00]} O-O {[%emt 0:00:00]} 5. c4 {[%emt 0:00:00]} d6 {[%emt 0:00:00]} 6. O-O {[%emt 0:00:00]} c6 {[%emt 0:00:00]} 7. Nc3 {[%emt 0:00:00]} Bf5 {[%emt 0:00:00]} 8. Nh4 {[%emt 0:15:30]} Be6 {[%emt 0:00:00]} 9. Qd3 {[%emt 0:01:30]} Na6 {[%emt 0:07:00]} 10. a3 {[%emt 0:01:30]} d5 {[%emt 0:04:30]} 11. c5 {[%emt 0:00:30]} Ne4 {[%emt 0:02:30]} 12. b4 {[%emt 0:03:30]} Nc7 {[%emt 0:03:30]} 13. Rd1 {[%emt 0:03:30]} Nxc3 {[%emt 0:01:30]} 14. Qxc3 {[%emt 0:00:30]} f6 {[%emt 0:02:30]} 15. Nf3 {[%emt 0:08:30]} Bg4 {[%emt 0:03:30]} 16. Bf4 {[%emt 0:01:30]} Nb5 {[%emt 0:08:30]} 17. Qb3 {[%emt 0:32:30]} Bxf3 {[%emt 0:02:30]} 18. Bxf3 {[%emt 0:00:30]} e5 {[%emt 0:02:30]} 19. Be3 {[%emt 0:00:00]} exd4 {[%emt 0:01:30]} 20. Bc1 {[%emt 0:00:00]} a5 {[%emt 0:00:30]} 21. a4 {[%emt 0:04:30]} Nc7 {[%emt 0:13:30]} 22. b5 {[%emt 0:00:30]} Ne6 {[%emt 0:03:30]} 23. Ba3 {[%emt 0:00:30]} Rb8 {[%emt 0:01:30]} 24. Rac1 {[%emt 0:00:30]} f5 {[%emt 0:02:30]} 25. Qd3 {[%emt 0:01:30]} Qc7 {[%emt 0:08:30]} 26. Bg2 {[%emt 0:00:30]} g5 {[%emt 0:01:30]} 27. Bb2 {[%emt 0:00:30]} g4 {[%emt 0:01:30]} 28. Rc2 {[%emt 0:06:24]} f4 {[%emt 0:04:30]} 29. e4 {[%emt 0:02:58]} dxe3 {[%emt 0:02:30]} 30. b6 {[%emt 0:01:44]} Qe7 {[%emt 0:04:11]} 31. Bxg7 {[%emt 0:01:10]} Qxg7 {[%emt 0:00:48]} 32. fxe3 {[%emt 0:00:49]} f3 {[%emt 0:00:38]} 33. Bf1 {[%emt 0:00:12]} Qe5 {[%emt 0:02:30]} 34. Rdc1 {[%emt 0:03:57]} Ng5 {[%emt 0:01:25]} 35. Qd4 {[%emt 0:00:26]} Qxd4 {[%emt 0:02:02]} 36. exd4 {[%emt 0:00:30]} Rbe8 {[%emt 0:00:00]} 37. Rd1 {[%emt 0:00:31]} Re3 {[%emt 0:00:40]} 38. Rd3 {[%emt 0:03:22]} Re1 {[%emt 0:03:21]} 39. Kf2 {[%emt 0:00:22]} Rfe8 {[%emt 0:00:00]} 40. Ra2 {[%emt 0:00:00]} Rb1 {[%emt 0:00:00]} 0-1

[Event "World Junior U20 Girls 2018"]
[Site "Gebze"]
[Date "2018.09.11"]
[Round "7"]
[White "Kanakova, Natalie"]
[Black "Nass, Sara"]
[Result "1-0"]
[WhiteElo "2201"]
[BlackElo "1888"]
[Annotator "ChessBase"]
[PlyCount "65"]
[EventDate "2018.09.05"]
[EventType "swiss"]
[EventCountry "TUR"]
[SourceTitle "playchess.com"]
[Source "ChessBase"]
[SourceQuality "1"]
[TimeControl "40/5400+30:1800+30"]

1. c4 {[%emt 0:00:30]} Nf6 {[%emt 0:00:30]} 2. Nc3 {[%emt 0:00:30]} e5 {[%emt 0:00:00]} 3. Nf3 {[%emt 0:00:30]} Nc6 {[%emt 0:00:00]} 4. g3 {[%emt 0:00:30]} d5 {[%emt 0:00:30]} 5. cxd5 {[%emt 0:00:30]} Nxd5 {[%emt 0:00:00]} 6. Bg2 {[%emt 0:00:30]} Bc5 {[%emt 0:00:00]} 7. O-O {[%emt 0:00:30]} O-O {[%emt 0:05:30]} 8. d3 {[%emt 0:03:30]} h6 {[%emt 0:13:30]} 9. Bd2 {[%emt 0:11:30]} Be6 {[%emt 0:02:30]} 10. Rc1 {[%emt 0:00:30]} Bb6 {[%emt 0:01:30]} 11. a3 {[%emt 0:04:30]} Re8 {[%emt 0:03:30]} 12. Na4 {[%emt 0:02:30]} Qd7 {[%emt 0:01:30]} 13. Nc5 {[%emt 0:00:30]} Bxc5 {[%emt 0:01:30]} 14. Rxc5 {[%emt 0:00:30]} f6 {[%emt 0:04:30]} 15. b4 {[%emt 0:05:30]} a6 {[%emt 0:01:30]} 16. Be3 {[%emt 0:04:30]} Nxe3 {[%emt 0:04:30]} 17. fxe3 {[%emt 0:00:00]} Bh3 {[%emt 0:13:30]} 18. Bxh3 {[%emt 0:10:00]} Qxh3 {[%emt 0:00:00]} 19. Nh4 {[%emt 0:01:30]} Qd7 {[%emt 0:02:00]} 20. Kh1 {[%emt 0:06:30]} b6 {[%emt 0:16:30]} 21. Rc4 {[%emt 0:01:30]} Ne7 {[%emt 0:03:30]} 22. e4 {[%emt 0:04:30]} a5 {[%emt 0:01:30]} 23. Qb3 {[%emt 0:05:30]} Qe6 {[%emt 0:06:43]} 24. b5 {[%emt 0:00:30]} Rac8 {[%emt 0:01:00]} 25. Rb1 {[%emt 0:09:30]} Kh7 {[%emt 0:04:46]} 26. Qc3 {[%emt 0:00:30]} f5 {[%emt 0:05:50]} 27. Kg2 {[%emt 0:07:51]} fxe4 {[%emt 0:02:38]} 28. Rxe4 {[%emt 0:01:20]} Nd5 {[%emt 0:00:35]} 29. Qc4 {[%emt 0:05:04]} c5 {[%emt 0:04:08]} 30. Nf3 {[%emt 0:00:37]} Qd6 {[%emt 0:00:31]} 31. Rf1 {[%emt 0:01:44]} Nf6 {[%emt 0:00:00]} 32. Rh4 {[%emt 0:00:22]} Qe6 {[%emt 0:01:07]} 33. Ng5+ {[%emt 0:00:10]} 1-0

[Event "World Junior U20 Girls 2018"]
[Site "Gebze"]
[Date "2018.09.11"]
[Round "7"]
[White "Georgescu, Lena"]
[Black "Lingur, Zalina"]
[Result "1/2-1/2"]
[WhiteElo "2195"]
[BlackElo "2061"]
[Annotator "ChessBase"]
[PlyCount "83"]
[EventDate "2018.09.05"]
[EventType "swiss"]
[EventCountry "TUR"]
[SourceTitle "playchess.com"]
[Source "ChessBase"]
[SourceQuality "1"]
[TimeControl "40/5400+30:1800+30"]

1. e4 {[%emt 0:00:30]} c5 {[%emt 0:00:30]} 2. Nc3 {[%emt 0:00:00]} a6 {[%emt 0:00:00]} 3. Nge2 {[%emt 0:00:00]} d6 {[%emt 0:01:00]} 4. g3 {[%emt 0:00:30]} g6 {[%emt 0:00:30]} 5. Bg2 {[%emt 0:00:30]} Bg7 {[%emt 0:00:00]} 6. d4 {[%emt 0:00:30]} cxd4 {[%emt 0:02:00]} 7. Nxd4 {[%emt 0:00:30]} Nc6 {[%emt 0:04:30]} 8. Nxc6 {[%emt 0:10:30]} bxc6 {[%emt 0:00:30]} 9. O-O {[%emt 0:00:30]} Qc7 {[%emt 0:15:30]} 10. Be3 {[%emt 0:06:30]} Nf6 {[%emt 0:05:30]} 11. h3 {[%emt 0:00:30]} O-O {[%emt 0:05:30]} 12. Qd2 {[%emt 0:21:30]} Rd8 {[%emt 0:23:30]} 13. Rad1 {[%emt 0:17:30]} Nd7 {[%emt 0:11:30]} 14. b3 {[%emt 0:02:30]} a5 {[%emt 0:08:24]} 15. Na4 {[%emt 0:02:30]} Ba6 {[%emt 0:00:49]} 16. c4 {[%emt 0:02:30]} Nc5 {[%emt 0:05:31]} 17. Bxc5 {[%emt 0:04:30]} dxc5 {[%emt 0:02:25]} 18. Qg5 {[%emt 0:00:00]} Bd4 {[%emt 0:00:15]} 19. Nxc5 {[%emt 0:02:00]} Bc8 {[%emt 0:00:31]} 20. Na4 {[%emt 0:05:30]} f6 {[%emt 0:04:14]} 21. Qh6 {[%emt 0:04:31]} e5 {[%emt 0:01:16]} 22. c5 {[%emt 0:02:38]} Ba6 {[%emt 0:03:48]} 23. Rfe1 {[%emt 0:00:07]} Bb5 {[%emt 0:01:19]} 24. Qc1 {[%emt 0:03:56]} Qe7 {[%emt 0:00:55]} 25. Bf1 {[%emt 0:00:59]} Bxa4 {[%emt 0:00:52]} 26. bxa4 {[%emt 0:00:18]} Rab8 {[%emt 0:01:03]} 27. Bc4+ {[%emt 0:01:27]} Kg7 {[%emt 0:00:03]} 28. Bb3 {[%emt 0:00:03]} Bxc5 {[%emt 0:01:26]} 29. Rxd8 {[%emt 0:02:12]} Rxd8 {[%emt 0:00:16]} 30. Rd1 {[%emt 0:00:00]} Rxd1+ {[%emt 0:00:42]} 31. Qxd1 {[%emt 0:00:02]} Qd6 {[%emt 0:00:32]} 32. Qxd6 {[%emt 0:00:37]} Bxd6 {[%emt 0:00:01]} 33. Kf1 {[%emt 0:00:00]} Bc5 {[%emt 0:00:36]} 34. Ke2 {[%emt 0:02:28]} Bd4 {[%emt 0:00:46]} 35. Be6 {[%emt 0:02:37]} h6 {[%emt 0:00:24]} 36. Bd7 {[%emt 0:00:28]} c5 {[%emt 0:00:14]} 37. Be6 {[%emt 0:00:00]} Kf8 {[%emt 0:00:16]} 38. f3 {[%emt 0:01:20]} Ke7 {[%emt 0:00:14]} 39. Bg8 {[%emt 0:01:51]} f5 {[%emt 0:00:53]} 40. g4 {[%emt 0:00:00]} fxg4 {[%emt 0:00:00]} 41. fxg4 {[%emt 0:04:56]} Kf6 {[%emt 0:05:15]} 42. Kf3 {[%emt 0:00:30]} 1/2-1/2

[Event "World Junior U20 Girls 2018"]
[Site "Gebze"]
[Date "2018.09.11"]
[Round "7"]
[White "Urh, Zala"]
[Black "Kubicka, Anna"]
[Result "0-1"]
[WhiteElo "2128"]
[BlackElo "2204"]
[Annotator "ChessBase"]
[PlyCount "168"]
[EventDate "2018.09.05"]
[EventType "swiss"]
[EventCountry "TUR"]
[SourceTitle "playchess.com"]
[Source "ChessBase"]
[SourceQuality "1"]
[TimeControl "40/5400+30:1800+30"]

1. d4 {[%emt 0:00:30]} Nf6 {[%emt 0:00:30]} 2. c4 {[%emt 0:00:30]} c5 {[%emt 0:00:30]} 3. d5 {[%emt 0:00:00]} b5 {[%emt 0:00:30]} 4. cxb5 {[%emt 0:00:00]} a6 {[%emt 0:00:00]} 5. f3 {[%emt 0:00:30]} g6 {[%emt 0:00:00]} 6. e4 {[%emt 0:00:30]} Bg7 {[%emt 0:00:30]} 7. Be3 {[%emt 0:10:30]} d6 {[%emt 0:02:30]} 8. bxa6 {[%emt 0:01:30]} O-O {[%emt 0:00:30]} 9. Nd2 {[%emt 0:03:30]} Qa5 {[%emt 0:04:30]} 10. Ne2 {[%emt 0:01:30]} Bxa6 {[%emt 0:00:30]} 11. Nc3 {[%emt 0:01:30]} Bxf1 {[%emt 0:00:30]} 12. Rxf1 {[%emt 0:11:30]} Nfd7 {[%emt 0:05:30]} 13. Qc2 {[%emt 0:01:30]} Na6 {[%emt 0:12:30]} 14. Nc4 {[%emt 0:05:30]} Qb4 {[%emt 0:10:30]} 15. Qe2 {[%emt 0:03:30]} Bxc3+ {[%emt 0:04:30]} 16. bxc3 {[%emt 0:00:30]} Qxc3+ {[%emt 0:00:30]} 17. Kf2 {[%emt 0:00:00]} Nb4 {[%emt 0:00:30]} 18. Rfd1 {[%emt 0:01:00]} Ra4 {[%emt 0:06:30]} 19. Rac1 {[%emt 0:06:30]} Nxa2 {[%emt 0:07:30]} 20. Rc2 {[%emt 0:24:30]} Qb4 {[%emt 0:14:30]} 21. Rxa2 {[%emt 0:04:30]} Qxc4 {[%emt 0:00:30]} 22. Qxc4 {[%emt 0:00:00]} Rxc4 {[%emt 0:00:00]} 23. Ra7 {[%emt 0:00:00]} Rd8 {[%emt 0:06:00]} 24. Bd2 {[%emt 0:02:42]} Kf8 {[%emt 0:02:39]} 25. Ba5 {[%emt 0:04:47]} Ra4 {[%emt 0:00:30]} 26. Rb1 {[%emt 0:00:09]} Ne5 {[%emt 0:03:25]} 27. Rbb7 {[%emt 0:04:59]} Ra2+ {[%emt 0:02:25]} 28. Kg3 {[%emt 0:02:38]} Re8 {[%emt 0:00:36]} 29. Bc3 {[%emt 0:00:09]} Rxa7 {[%emt 0:00:28]} 30. Rxa7 {[%emt 0:00:01]} f6 {[%emt 0:04:13]} 31. f4 {[%emt 0:01:00]} Nd3 {[%emt 0:01:04]} 32. Kf3 {[%emt 0:02:33]} Rb8 {[%emt 0:03:14]} 33. Ke3 {[%emt 0:01:12]} Nb2 {[%emt 0:03:03]} 34. e5 {[%emt 0:02:16]} Nd1+ {[%emt 0:02:09]} 35. Kd2 {[%emt 0:00:30]} Nxc3 {[%emt 0:00:30]} 36. Kxc3 {[%emt 0:00:00]} fxe5 {[%emt 0:00:00]} 37. fxe5 {[%emt 0:00:00]} dxe5 {[%emt 0:00:13]} 38. Ra5 {[%emt 0:02:55]} Rb1 {[%emt 0:00:14]} 39. Ra2 {[%emt 0:00:10]} Rc1+ {[%emt 0:02:42]} 40. Kd3 {[%emt 0:00:00]} c4+ {[%emt 0:00:00]} 41. Kd2 {[%emt 0:02:59]} Rf1 {[%emt 0:02:35]} 42. Kc3 {[%emt 0:01:30]} Rc1+ {[%emt 0:05:30]} 43. Kd2 {[%emt 0:00:30]} Rh1 {[%emt 0:04:30]} 44. h3 {[%emt 0:00:30]} Ke8 {[%emt 0:00:30]} 45. Kc3 {[%emt 0:03:30]} Kd7 {[%emt 0:00:30]} 46. Kxc4 {[%emt 0:05:30]} Rc1+ {[%emt 0:00:30]} 47. Kd3 {[%emt 0:00:30]} Kd6 {[%emt 0:00:30]} 48. Ke4 {[%emt 0:01:30]} Re1+ {[%emt 0:00:30]} 49. Kf3 {[%emt 0:00:30]} Kxd5 {[%emt 0:00:30]} 50. Rd2+ {[%emt 0:02:30]} Ke6 {[%emt 0:00:00]} 51. Kf2 {[%emt 0:01:35]} Rc1 {[%emt 0:00:00]} 52. Ke3 {[%emt 0:00:44]} Rc3+ {[%emt 0:00:30]} 53. Ke4 {[%emt 0:00:00]} h5 {[%emt 0:00:30]} 54. Ra2 {[%emt 0:01:17]} Rc4+ {[%emt 0:00:30]} 55. Kd3 {[%emt 0:01:37]} Rb4 {[%emt 0:01:30]} 56. Ke3 {[%emt 0:03:32]} Kf5 {[%emt 0:00:30]} 57. Rf2+ {[%emt 0:00:58]} Rf4 {[%emt 0:00:30]} 58. Ra2 {[%emt 0:00:41]} Re4+ {[%emt 0:00:00]} 59. Kf3 {[%emt 0:01:52]} Rb4 {[%emt 0:00:00]} 60. Ra7 {[%emt 0:02:13]} Rb3+ {[%emt 0:00:30]} 61. Kf2 {[%emt 0:00:09]} Rb2+ {[%emt 0:00:30]} 62. Kf1 {[%emt 0:00:20]} e6 {[%emt 0:01:30]} 63. Rf7+ {[%emt 0:04:02]} Kg5 {[%emt 0:01:30]} 64. Re7 {[%emt 0:00:23]} Kf6 {[%emt 0:00:30]} 65. Re8 {[%emt 0:00:09]} g5 {[%emt 0:01:30]} 66. Rf8+ {[%emt 0:01:16]} Kg6 {[%emt 0:00:30]} 67. Rf3 {[%emt 0:00:00]} e4 {[%emt 0:01:07]} 68. Rf8 {[%emt 0:00:10]} e3 {[%emt 0:01:41]} 69. Ra8 {[%emt 0:00:15]} Kf5 {[%emt 0:00:36]} 70. Ra4 {[%emt 0:01:05]} h4 {[%emt 0:00:40]} 71. Rc4 {[%emt 0:00:23]} e5 {[%emt 0:00:43]} 72. Ra4 {[%emt 0:00:36]} Rf2+ {[%emt 0:00:42]} 73. Kg1 {[%emt 0:00:30]} Rd2 {[%emt 0:00:00]} 74. Kf1 {[%emt 0:00:07]} Rd4 {[%emt 0:00:00]} 75. Ra3 {[%emt 0:00:05]} Kf4 {[%emt 0:00:26]} 76. Rb3 {[%emt 0:00:41]} Rd5 {[%emt 0:01:04]} 77. Ra3 {[%emt 0:00:10]} e4 {[%emt 0:00:04]} 78. Ke2 {[%emt 0:01:12]} Rd2+ {[%emt 0:00:30]} 79. Kf1 {[%emt 0:00:30]} Rd3 {[%emt 0:00:00]} 80. Ra5 {[%emt 0:00:00]} Rd1+ {[%emt 0:00:00]} 81. Ke2 {[%emt 0:00:00]} Rd2+ {[%emt 0:00:20]} 82. Kf1 {[%emt 0:00:00]} e2+ {[%emt 0:00:26]} 83. Kf2 {[%emt 0:00:30]} e1=Q+ {[%emt 0:00:30]} 84. Kxe1 {[%emt 0:00:00]} Rxg2 {[%emt 0:00:11]} 0-1

[Event "World Junior U20 Girls 2018"]
[Site "Gebze"]
[Date "2018.09.11"]
[Round "7"]
[White "Santeramo, Alessia"]
[Black "Kocyigit, Buse Naz"]
[Result "0-1"]
[WhiteElo "2124"]
[BlackElo "1944"]
[Annotator "ChessBase"]
[PlyCount "156"]
[EventDate "2018.09.05"]
[EventType "swiss"]
[EventCountry "TUR"]
[SourceTitle "playchess.com"]
[Source "ChessBase"]
[SourceQuality "1"]
[TimeControl "40/5400+30:1800+30"]

1. e4 {[%emt 0:00:30]} e6 {[%emt 0:00:30]} 2. d4 {[%emt 0:00:30]} d5 {[%emt 0:00:30]} 3. Nc3 {[%emt 0:00:30]} Nf6 {[%emt 0:00:00]} 4. Bg5 {[%emt 0:00:00]} Bb4 {[%emt 0:00:00]} 5. e5 {[%emt 0:00:00]} h6 {[%emt 0:00:00]} 6. Bc1 {[%emt 0:00:00]} Ne4 {[%emt 0:00:00]} 7. Qg4 {[%emt 0:00:00]} g5 {[%emt 0:02:30]} 8. Nge2 {[%emt 0:00:30]} h5 {[%emt 0:01:30]} 9. Qh3 {[%emt 0:04:30]} c5 {[%emt 0:04:30]} 10. a3 {[%emt 0:00:30]} Ba5 {[%emt 0:09:30]} 11. b4 {[%emt 0:12:30]} cxb4 {[%emt 0:01:30]} 12. Nxe4 {[%emt 0:00:30]} dxe4 {[%emt 0:00:30]} 13. axb4 {[%emt 0:00:30]} Bxb4+ {[%emt 0:00:30]} 14. c3 {[%emt 0:00:00]} Be7 {[%emt 0:01:30]} 15. Qe3 {[%emt 0:01:00]} Bd7 {[%emt 0:01:30]} 16. Ng3 {[%emt 0:02:30]} Bc6 {[%emt 0:03:30]} 17. Nxe4 {[%emt 0:01:30]} Bxe4 {[%emt 0:00:30]} 18. Qxe4 {[%emt 0:00:30]} Qc7 {[%emt 0:00:30]} 19. Bb5+ {[%emt 0:01:30]} Nd7 {[%emt 0:02:30]} 20. O-O {[%emt 0:05:30]} a6 {[%emt 0:05:30]} 21. Bd2 {[%emt 0:05:30]} O-O-O {[%emt 0:11:30]} 22. Bd3 {[%emt 0:05:30]} h4 {[%emt 0:04:30]} 23. Rfb1 {[%emt 0:01:30]} Nb8 {[%emt 0:03:30]} 24. c4 {[%emt 0:09:30]} h3 {[%emt 0:00:30]} 25. Ba5 {[%emt 0:12:30]} Qc6 {[%emt 0:04:30]} 26. Bxd8 {[%emt 0:01:30]} Rxd8 {[%emt 0:00:30]} 27. Qxc6+ {[%emt 0:00:30]} Nxc6 {[%emt 0:00:30]} 28. Be4 {[%emt 0:00:30]} Nb4 {[%emt 0:03:30]} 29. Rd1 {[%emt 0:01:30]} f5 {[%emt 0:02:30]} 30. exf6 {[%emt 0:04:30]} Bxf6 {[%emt 0:00:30]} 31. Ra4 {[%emt 0:00:30]} Be7 {[%emt 0:03:30]} 32. gxh3 {[%emt 0:01:30]} b6 {[%emt 0:01:30]} 33. Bf3 {[%emt 0:03:30]} a5 {[%emt 0:02:30]} 34. c5 {[%emt 0:03:30]} Kc7 {[%emt 0:01:30]} 35. cxb6+ {[%emt 0:00:30]} Kxb6 {[%emt 0:00:00]} 36. Rda1 {[%emt 0:00:00]} Rxd4 {[%emt 0:01:00]} 37. Rxa5 {[%emt 0:00:00]} Bc5 {[%emt 0:01:30]} 38. Be2 {[%emt 0:06:50]} Rd2 {[%emt 0:06:30]} 39. Rb5+ {[%emt 0:00:12]} Kc6 {[%emt 0:00:30]} 40. Rc1 {[%emt 0:00:00]} Rc2 {[%emt 0:00:00]} 41. Rxc2 {[%emt 0:02:58]} Nxc2 {[%emt 0:02:00]} 42. Rb8 {[%emt 0:00:30]} Nd4 {[%emt 0:02:30]} 43. Bg4 {[%emt 0:01:30]} Kd5 {[%emt 0:01:30]} 44. Kg2 {[%emt 0:04:30]} Be7 {[%emt 0:08:30]} 45. Rb7 {[%emt 0:00:30]} Bf6 {[%emt 0:00:30]} 46. Rf7 {[%emt 0:03:30]} Ke5 {[%emt 0:04:30]} 47. Kf1 {[%emt 0:01:30]} Bd8 {[%emt 0:04:30]} 48. Rf8 {[%emt 0:01:30]} Be7 {[%emt 0:00:30]} 49. Rf7 {[%emt 0:00:30]} Bd8 {[%emt 0:00:30]} 50. Ke1 {[%emt 0:00:30]} Ke4 {[%emt 0:04:30]} 51. Ra7 {[%emt 0:04:30]} Bf6 {[%emt 0:05:30]} 52. Ra6 {[%emt 0:01:30]} Kd5 {[%emt 0:00:30]} 53. Kd2 {[%emt 0:00:30]} Nb3+ {[%emt 0:03:30]} 54. Ke2 {[%emt 0:01:30]} Nc5 {[%emt 0:00:30]} 55. Kf3 {[%emt 0:02:30]} Nxa6 {[%emt 0:00:30]} 56. Kg2 {[%emt 0:01:30]} Nc5 {[%emt 0:01:32]} 57. f3 {[%emt 0:02:30]} Nd3 {[%emt 0:02:21]} 58. Kg3 {[%emt 0:02:30]} Be5+ {[%emt 0:00:54]} 59. Kg2 {[%emt 0:00:30]} Nf4+ {[%emt 0:00:00]} 60. Kg3 {[%emt 0:02:30]} Ng6+ {[%emt 0:00:05]} 61. Kg2 {[%emt 0:00:30]} Nh4+ {[%emt 0:00:30]} 62. Kh1 {[%emt 0:00:30]} Bf4 {[%emt 0:00:17]} 63. Kg1 {[%emt 0:00:30]} Be3+ {[%emt 0:00:59]} 64. Kf1 {[%emt 0:00:30]} Ke5 {[%emt 0:00:33]} 65. Bh5 {[%emt 0:00:30]} Kf4 {[%emt 0:00:40]} 66. Ke2 {[%emt 0:00:30]} Bg1 {[%emt 0:00:19]} 67. Bg4 {[%emt 0:00:30]} e5 {[%emt 0:00:13]} 68. Bh5 {[%emt 0:00:00]} Bxh2 {[%emt 0:00:33]} 69. Bg4 {[%emt 0:00:00]} Bg1 {[%emt 0:00:14]} 70. Bh5 {[%emt 0:01:30]} Kg3 {[%emt 0:00:28]} 71. Bg4 {[%emt 0:00:30]} Bc5 {[%emt 0:00:09]} 72. Bh5 {[%emt 0:00:00]} Kxh3 {[%emt 0:00:53]} 73. Kd3 {[%emt 0:00:00]} Kg3 {[%emt 0:01:08]} 74. Ke4 {[%emt 0:00:00]} Bd4 {[%emt 0:00:31]} 75. Bg4 {[%emt 0:00:00]} Nxf3 {[%emt 0:05:03]} 76. Bxf3 {[%emt 0:00:30]} g4 {[%emt 0:01:06]} 77. Be2 {[%emt 0:01:30]} Kh3 {[%emt 0:01:08]} 78. Bf1+ {[%emt 0:00:00]} Kh2 {[%emt 0:00:00]} 0-1